000 01114nam a22003137a 4500
003 CHAP
005 20220824120605.0
008 971013s r 00010 d
010 _a31345
011 _a32317
035 _a36432
040 _cCHAP
100 0 0 _aMartín del Campo, Antonio Carlos.
_971704
245 _aProgramming Mexican agricultural change recognizing the heterogeus agrarian structure
_b: a case study of Nayarit
260 _aBerkeley :
_bThe author,
_c1972
300 _a204 h.
_b; gráfs
500 _aThesis (Doctor of Philosophy Esp. en Agricultural Economics) -- Univ. of california, Graduate Division
590 _aBATCH-UPD
_b10
_c20130110
590 _aBATCH-UPD
_b10
_c20130410
590 _aBATCH-UPD
_b10
_c20130914
590 _aCONVERSION
_b10
_c20130109
650 1 4 _aAgricultura
_xAspectos economicos
_xNayarit.
_91275
650 1 4 _aAgricultura
_xAspectos economicos
_zMexico.
_91312
650 1 4 _aPolítica agrícola
_xNayarit.
_990339
650 1 4 _aTierras
_xTenencia
_xNayarit.
_9113184
901 _aBK
942 _cTESIS
_2ddc
949 _bBC
_cTES
_d-84029
_eTS1
_i36432
_si
999 _c31345
_d31345